[Event "WCO 2016"]
[Site "?"]
[Date "2016.09.13"]
[Round "11"]
[Board "24"]
[WhiteID "12100986"]
[White "Ghanem Al Shamari"]
[BlackID "10201955"]
[Black "Mohammad Minhaz Uddin "]
[Result "0-1"]
[BlackElo "2413"]
[WhiteElo "1574"]
[LiveChessVersion "1.4.8"]

1. d4 {[%clk 1:30:52]} Nf6 {[%clk 1:30:57]} 2. Nf3 {[%clk 1:31:16]} e6
{[%clk 1:31:21]} 3. Bf4 {[%clk 1:31:39]} c5 {[%clk 1:31:35]} 4. e3
{[%clk 1:31:42]} b6 {[%clk 1:31:34]} 5. c3 {[%clk 1:27:45]} Bb7 {[%clk 1:31:49]}
6. Nbd2 {[%clk 1:27:53]} Be7 {[%clk 1:31:24]} 7. h3 {[%clk 1:28:09]} O-O
{[%clk 1:31:39]} 8. Bd3 {[%clk 1:28:05]} d6 {[%clk 1:29:30]} 9. O-O
{[%clk 1:24:25]} Nc6 {[%clk 1:29:20]} 10. Bc2 {[%clk 1:23:38]} Re8
{[%clk 1:28:39]} 11. Re1 {[%clk 1:18:02]} Bf8 {[%clk 1:25:06]} 12. Nb3
{[%clk 1:13:54]} Qe7 {[%clk 1:21:32]} 13. Bg3 {[%clk 1:08:16]} Rad8
{[%clk 1:16:27]} 14. a4 {[%clk 1:05:48]} a6 {[%clk 1:14:23]} 15. Bh4
{[%clk 1:04:04]} h6 {[%clk 1:08:12]} 16. Qd2 {[%clk 0:55:48]} g6 {[%clk 1:04:12]}
17. Rad1 {[%clk 0:54:18]} c4 {[%clk 0:57:43]} 18. Na1 {[%clk 0:50:22]} e5
{[%clk 0:56:38]} 19. d5 {[%clk 0:47:05]} Nb8 {[%clk 0:56:38]} 20. e4
{[%clk 0:46:53]} Bg7 {[%clk 0:55:59]} 21. Qe3 {[%clk 0:43:18]} Nbd7
{[%clk 0:56:04]} 22. Nd2 {[%clk 0:43:34]} Rc8 {[%clk 0:54:30]} 23. f3
{[%clk 0:38:13]} Nxd5 {[%clk 0:51:44]} 24. exd5 {[%clk 0:35:06]} Qxh4
{[%clk 0:52:10]} 25. Ne4 {[%clk 0:34:57]} Qe7 {[%clk 0:51:47]} 26. Bb1
{[%clk 0:33:34]} f5 {[%clk 0:50:29]} 27. Nf2 {[%clk 0:33:22]} Rc5
{[%clk 0:48:45]} 28. Ba2 {[%clk 0:32:40]} Rec8 {[%clk 0:48:09]} 29. Nc2
{[%clk 0:29:29]} a5 {[%clk 0:46:46]} 30. Qe2 {[%clk 0:27:59]} Nf6
{[%clk 0:46:08]} 31. Ne3 {[%clk 0:27:27]} Nh5 {[%clk 0:46:00]} 32. Nxc4
{[%clk 0:20:42]} Ba6 {[%clk 0:42:46]} 33. b3 {[%clk 0:20:27]} Bxc4
{[%clk 0:40:13]} 34. bxc4 {[%clk 0:20:45]} Nf4 {[%clk 0:31:48]} 35. Qb2
{[%clk 0:12:29]} Qh4 {[%clk 0:30:52]} 36. Kh2 {[%clk 0:09:58]} Nh5
{[%clk 0:29:54]} 37. Nd3 {[%clk 0:08:04]} e4 {[%clk 0:28:12]} 38. Nxc5
{[%clk 0:01:28]} bxc5 {[%clk 0:28:09]} 39. Qd2 {[%clk 0:00:44]} Qg3+
{[%clk 0:21:18]} 40. Kg1 {[%clk 0:30:33]} Be5 {[%clk 0:46:02]} 41. fxe4
{[%clk 0:15:08]} fxe4 {[%clk 0:42:28]} 42. Rxe4 {[%clk 0:13:32]} Qh2+
{[%clk 0:42:17]} 43. Kf2 {[%clk 0:13:27]} Rf8+ {[%clk 0:42:26]} 44. Ke3
{[%clk 0:11:49]} Qg3+ {[%clk 0:42:20]} 45. Ke2 {[%clk 0:11:07]} Rf2+
{[%clk 0:42:46]} 46. Ke1 {[%clk 0:11:13]} Rxg2+ {[%clk 0:42:51]} 47. Kf1
{[%clk 0:10:31]} Qf3+ {[%clk 0:43:18]} 0-1

[Event "WCO 2016"]
[Site "?"]
[Date "2016.09.13"]
[Round "11"]
[Board "25"]
[WhiteID "7900872"]
[White "Arab Adlane"]
[BlackID "3600017"]
[Black "Matamoros Franco Carlos S."]
[Result "0-1"]
[BlackElo "2488"]
[WhiteElo "2493"]
[LiveChessVersion "1.4.8"]

1. d4 {[%clk 1:30:57]} e6 {[%clk 1:30:55]} 2. Nf3 {[%clk 1:30:50]} c5
{[%clk 1:31:20]} 3. e3 {[%clk 1:30:38]} Nf6 {[%clk 1:31:14]} 4. Bd3
{[%clk 1:30:43]} d5 {[%clk 1:31:25]} 5. O-O {[%clk 1:30:21]} Nc6 {[%clk 1:31:05]}
6. b3 {[%clk 1:29:37]} Bd6 {[%clk 1:31:16]} 7. Bb2 {[%clk 1:29:40]} O-O
{[%clk 1:31:14]} 8. Nbd2 {[%clk 1:28:56]} b6 {[%clk 1:30:04]} 9. a3
{[%clk 1:28:03]} Bb7 {[%clk 1:30:01]} 10. Qe2 {[%clk 1:23:01]} Rc8
{[%clk 1:28:31]} 11. dxc5 {[%clk 1:20:15]} bxc5 {[%clk 1:23:58]} 12. e4
{[%clk 1:19:32]} e5 {[%clk 1:19:02]} 13. Rfe1 {[%clk 0:57:40]} Nd4
{[%clk 1:00:33]} 14. Nxd4 {[%clk 0:58:03]} cxd4 {[%clk 1:00:49]} 15. Rac1
{[%clk 0:49:38]} Re8 {[%clk 0:49:51]} 16. Ba6 {[%clk 0:42:29]} Bxa6
{[%clk 0:40:24]} 17. Qxa6 {[%clk 0:42:50]} Nxe4 {[%clk 0:40:44]} 18. Nxe4
{[%clk 0:43:15]} dxe4 {[%clk 0:41:10]} 19. Rxe4 {[%clk 0:43:31]} Qb6
{[%clk 0:33:32]} 20. Qd3 {[%clk 0:38:18]} a5 {[%clk 0:31:51]} 21. Re2
{[%clk 0:36:38]} g6 {[%clk 0:26:10]} 22. Rce1 {[%clk 0:29:07]} Qc6
{[%clk 0:26:28]} 23. Kh1 {[%clk 0:28:58]} f6 {[%clk 0:21:57]} 24. f4
{[%clk 0:26:12]} exf4 {[%clk 0:12:07]} 25. Bxd4 {[%clk 0:17:27]} Rxe2
{[%clk 0:12:00]} 26. Qxe2 {[%clk 0:16:59]} Bxa3 {[%clk 0:12:20]} 27. c4
{[%clk 0:15:54]} Bb4 28. Rf1 {[%clk 0:15:42]} Re8 {[%clk 0:11:09]} 29. Qb2
{[%clk 0:13:59]} Re6 {[%clk 0:11:16]} 30. Bc3 {[%clk 0:14:12]} g5
{[%clk 0:08:53]} 31. Bxb4 {[%clk 0:14:06]} axb4 {[%clk 0:09:22]} 32. Qd2
{[%clk 0:13:41]} Qd6 {[%clk 0:09:27]} 33. Qc2 {[%clk 0:13:22]} Re3
{[%clk 0:06:57]} 34. Rd1 {[%clk 0:12:53]} Qe7 {[%clk 0:06:27]} 35. h3
{[%clk 0:10:40]} f3 {[%clk 0:05:21]} 36. gxf3 {[%clk 0:05:58]} Rxf3
{[%clk 0:05:42]} 37. Qg2 {[%clk 0:05:10]} Qe3 {[%clk 0:05:55]} 38. Qg4
{[%clk 0:05:08]} f5 {[%clk 0:05:33]} 39. Rd8+ {[%clk 0:03:59]} Kg7
{[%clk 0:05:52]} 40. Rd7+ {[%clk 0:34:22]} Kf8 {[%clk 0:35:38]} 41. Rd8+
{[%clk 0:34:48]} Ke7 {[%clk 0:35:33]} 42. Re8+ {[%clk 0:35:13]} Kxe8
{[%clk 0:35:42]} 43. Qh5+ {[%clk 0:35:38]} Kd8 {[%clk 0:35:39]} 0-1

[Event "WCO 2016"]
[Site "?"]
[Date "2016.09.13"]
[Round "11"]
[Board "26"]
[WhiteID "3609677"]
[White "Barros Rivadeneira Cristhian"]
[BlackID "7901810"]
[Black "Oussedik Mahfoud"]
[Result "1-0"]
[BlackElo "2280"]
[WhiteElo "2351"]
[LiveChessVersion "1.4.8"]

1. d4 {[%clk 1:30:47]} Nf6 {[%clk 1:30:52]} 2. Nf3 {[%clk 1:31:04]} e6
{[%clk 1:30:15]} 3. g3 {[%clk 1:30:55]} b6 {[%clk 1:30:38]} 4. Bg2
{[%clk 1:31:15]} Bb7 {[%clk 1:31:05]} 5. O-O {[%clk 1:31:14]} d6 {[%clk 1:30:18]}
6. c4 {[%clk 1:29:35]} Nbd7 {[%clk 1:29:04]} 7. Nc3 {[%clk 1:26:20]} Be7
{[%clk 1:28:10]} 8. Qc2 {[%clk 1:20:09]} O-O {[%clk 1:28:16]} 9. e4
{[%clk 1:17:24]} h6 {[%clk 0:43:39]} 10. b3 {[%clk 1:09:51]} Qc8 {[%clk 0:40:51]}
11. Bb2 {[%clk 1:03:20]} a6 {[%clk 0:35:31]} 12. Rfe1 {[%clk 1:00:25]} c5
{[%clk 0:33:17]} 13. e5 {[%clk 1:00:12]} Ne8 {[%clk 0:33:27]} 14. exd6
{[%clk 0:33:52]} Bxd6 {[%clk 0:32:36]} 15. d5 {[%clk 0:34:15]} exd5
{[%clk 0:28:36]} 16. Nxd5 {[%clk 0:33:03]} Bxd5 {[%clk 0:28:58]} 17. cxd5
{[%clk 0:33:29]} Nef6 {[%clk 0:24:01]} 18. Nh4 {[%clk 0:32:39]} Qc7
{[%clk 0:22:54]} 19. Nf5 {[%clk 0:25:46]} Rfe8 {[%clk 0:22:21]} 20. Qc4
{[%clk 0:22:46]} b5 {[%clk 0:12:38]} 21. Qh4 {[%clk 0:22:34]} Rxe1+
{[%clk 0:08:52]} 22. Rxe1 {[%clk 0:23:02]} Re8 {[%clk 0:08:20]} 23. Rxe8+
{[%clk 0:15:58]} Nxe8 {[%clk 0:08:48]} 24. Qg4 {[%clk 0:16:10]} Be5
{[%clk 0:07:40]} 25. d6 {[%clk 0:16:19]} Qd8 {[%clk 0:07:13]} 26. Nxh6+
{[%clk 0:16:34]} Kf8 {[%clk 0:07:19]} 27. Nxf7 {[%clk 0:14:53]} Kxf7
{[%clk 0:05:17]} 28. Qf5+ {[%clk 0:05:54]} Bf6 {[%clk 0:00:54]} 29. Bd5+
{[%clk 0:06:16]} Kf8 {[%clk 0:01:16]} 30. Qe6 {[%clk 0:06:37]} Nxd6
{[%clk 0:01:41]} 31. Qxd6+ {[%clk 0:07:03]} Qe7 {[%clk 0:02:04]} 32. Qf4
{[%clk 0:07:02]} Ke8 {[%clk 0:01:36]} 33. Bxf6 {[%clk 0:05:44]} Qxf6
{[%clk 0:01:16]} 34. Qc7 {[%clk 0:05:54]} Qe5 {[%clk 0:00:41]} 35. Qc8+
{[%clk 0:05:19]} Ke7 {[%clk 0:01:03]} 36. Bc6 {[%clk 0:05:30]} Nf6
{[%clk 0:01:02]} 37. Qb7+ {[%clk 0:05:41]} Kd6 {[%clk 0:01:16]} 38. Qxa6
{[%clk 0:05:32]} b4 {[%clk 0:01:28]} 39. Bb5+ {[%clk 0:03:05]} Ke7
{[%clk 0:01:32]} 40. Qb7+ {[%clk 0:33:21]} Kf8 {[%clk 0:31:58]} 41. Bc4
{[%clk 0:30:46]} Qe1+ {[%clk 0:26:49]} 42. Kg2 {[%clk 0:30:55]} Qe4+
{[%clk 0:27:13]} 43. Qxe4 {[%clk 0:31:20]} Nxe4 {[%clk 0:27:39]} 44. Kf3
{[%clk 0:31:46]} Nc3 {[%clk 0:26:38]} 45. h4 {[%clk 0:24:39]} Ke7
{[%clk 0:27:03]} 46. g4 {[%clk 0:23:56]} Nxa2 {[%clk 0:26:34]} 47. h5
{[%clk 0:23:41]} Nc3 {[%clk 0:26:30]} 48. g5 {[%clk 0:23:23]} Nd1
{[%clk 0:24:15]} 49. Ke4 {[%clk 0:16:04]} Nxf2+ {[%clk 0:23:15]} 50. Kf5
{[%clk 0:16:10]} Nd1 {[%clk 0:17:36]} 51. h6 {[%clk 0:15:14]} Ne3+
{[%clk 0:17:53]} 52. Kf4 {[%clk 0:15:17]} gxh6 {[%clk 0:17:20]} 53. gxh6
{[%clk 0:15:10]} Ng2+ {[%clk 0:16:20]} 54. Ke4 1-0

[Event "WCO 2016"]
[Site "?"]
[Date "2016.09.13"]
[Round "11"]
[Board "27"]
[WhiteID "7900856"]
[White "Belouadah Saad"]
[BlackID "3603296"]
[Black "Macias Murillo Bryan"]
[Result "1-0"]
[BlackElo "2276"]
[WhiteElo "2340"]
[LiveChessVersion "1.4.8"]

1. d4 {[%clk 1:29:54]} Nf6 {[%clk 1:30:55]} 2. Bf4 {[%clk 1:29:50]} c5
{[%clk 1:30:17]} 3. e3 {[%clk 1:29:32]} Qb6 {[%clk 1:25:47]} 4. Nc3
{[%clk 1:28:57]} cxd4 {[%clk 1:21:46]} 5. exd4 {[%clk 1:29:18]} a6
{[%clk 1:21:25]} 6. a3 {[%clk 1:29:32]} d5 {[%clk 1:19:45]} 7. h3
{[%clk 1:26:57]} Nc6 {[%clk 1:17:20]} 8. Nf3 {[%clk 1:27:15]} Bf5
{[%clk 1:17:19]} 9. Na4 {[%clk 1:25:55]} Qa5+ {[%clk 1:15:09]} 10. c3
{[%clk 1:26:14]} e6 {[%clk 1:15:22]} 11. b4 {[%clk 1:26:21]} Qd8 {[%clk 1:15:46]}
12. Nc5 {[%clk 1:26:32]} Qc8 {[%clk 1:15:37]} 13. Qa4 {[%clk 1:18:35]} Ne4
{[%clk 1:12:14]} 14. Rc1 {[%clk 1:11:47]} Bd6 {[%clk 1:10:49]} 15. Be3
{[%clk 1:06:12]} O-O {[%clk 1:10:57]} 16. Nh4 {[%clk 1:06:22]} Re8
{[%clk 1:04:55]} 17. Be2 {[%clk 1:06:17]} h6 {[%clk 0:57:21]} 18. O-O
{[%clk 1:01:45]} Bh7 {[%clk 0:57:36]} 19. Nf3 {[%clk 1:00:49]} Ne7
{[%clk 0:44:22]} 20. Qb3 {[%clk 0:55:14]} b6 {[%clk 0:41:58]} 21. Nxe4
{[%clk 0:53:02]} dxe4 {[%clk 0:33:54]} 22. Nd2 {[%clk 0:52:12]} Bb8
{[%clk 0:30:10]} 23. Rfe1 {[%clk 0:49:00]} f5 {[%clk 0:24:57]} 24. Nf1
{[%clk 0:46:30]} f4 {[%clk 0:23:10]} 25. Bd2 {[%clk 0:46:44]} Bf5
{[%clk 0:23:26]} 26. Bg4 {[%clk 0:41:15]} Kh7 {[%clk 0:21:55]} 27. c4
{[%clk 0:41:07]} Qd8 {[%clk 0:21:33]} 28. Rcd1 {[%clk 0:41:23]} b5
{[%clk 0:21:40]} 29. c5 {[%clk 0:36:41]} Nd5 {[%clk 0:20:23]} 30. Bc1
{[%clk 0:34:12]} g6 {[%clk 0:19:05]} 31. Nd2 {[%clk 0:21:55]} Nf6
{[%clk 0:19:31]} 32. Bxf5 {[%clk 0:21:53]} gxf5 {[%clk 0:19:52]} 33. Bb2
{[%clk 0:20:00]} Nd5 {[%clk 0:20:06]} 34. Nxe4 {[%clk 0:19:56]} fxe4
{[%clk 0:20:25]} 35. Rxe4 {[%clk 0:20:20]} Qg5 {[%clk 0:16:56]} 36. Rde1
{[%clk 0:15:31]} Rg8 {[%clk 0:14:02]} 37. Qf3 {[%clk 0:15:48]} Ra7
{[%clk 0:13:18]} 38. Rxe6 {[%clk 0:05:21]} Rag7 {[%clk 0:13:39]} 39. Qe4+
{[%clk 0:03:12]} Kh8 {[%clk 0:13:41]} 40. Kf1 {[%clk 0:31:55]} Qh5
{[%clk 0:36:28]} 41. Qf3 {[%clk 0:29:51]} Qxf3 {[%clk 0:31:39]} 42. Rxh6+
{[%clk 0:28:44]} Rh7 {[%clk 0:30:03]} 43. Rxh7+ {[%clk 0:29:11]} Kxh7
{[%clk 0:30:31]} 44. gxf3 {[%clk 0:29:40]} Bc7 {[%clk 0:29:46]} 45. h4
{[%clk 0:27:20]} Rg6 {[%clk 0:30:05]} 46. Re8 {[%clk 0:26:52]} Kg7
{[%clk 0:30:08]} 47. Ra8 {[%clk 0:26:27]} Rh6 {[%clk 0:30:06]} 48. Ke2
{[%clk 0:26:42]} Kf7 {[%clk 0:27:42]} 49. Kd3 {[%clk 0:26:27]} Re6
{[%clk 0:27:46]} 50. Bc1 {[%clk 0:26:37]} Kg7 {[%clk 0:20:14]} 51. Bd2
{[%clk 0:26:17]} Ne7 {[%clk 0:18:16]} 52. Ra7 {[%clk 0:26:24]} Nd5
{[%clk 0:18:42]} 53. a4 {[%clk 0:25:22]} Kg6 {[%clk 0:16:43]} 54. axb5
{[%clk 0:25:45]} axb5 {[%clk 0:17:11]} 55. Rb7 {[%clk 0:26:12]} Ra6
{[%clk 0:13:05]} 56. Rxb5 {[%clk 0:26:15]} Ra7 {[%clk 0:13:19]} 57. Kc4
{[%clk 0:24:26]} Nf6 {[%clk 0:13:13]} 58. d5 {[%clk 0:24:35]} Ra2
{[%clk 0:13:35]} 59. Bc3 {[%clk 0:24:30]} Rc2 {[%clk 0:13:51]} 60. d6
{[%clk 0:24:33]} Bd8 {[%clk 0:13:32]} 61. Rb8 {[%clk 0:24:47]} Ne4
{[%clk 0:13:34]} 62. Rxd8 {[%clk 0:24:27]} Nxc3 {[%clk 0:13:59]} 63. Kb3
{[%clk 0:24:43]} Rc1 {[%clk 0:14:23]} 64. Kb2 {[%clk 0:24:58]} Ne2
{[%clk 0:14:31]} 65. Re8 {[%clk 0:25:23]} 1-0

[Event "WCO 2016"]
[Site "?"]
[Date "2016.09.13"]
[Round "11"]
[Board "28"]
[WhiteID "3600068"]
[White "Pazos Gambarrotti Plinio"]
[BlackID "7900325"]
[Black "Bengherabi Khalil"]
[Result "1-0"]
[BlackElo "2241"]
[WhiteElo "2239"]
[LiveChessVersion "1.4.8"]

1. Nf3 {[%clk 1:30:53]} d5 {[%clk 1:30:56]} 2. c4 {[%clk 1:31:11]} e6
{[%clk 1:31:22]} 3. d4 {[%clk 1:30:37]} Nf6 {[%clk 1:31:46]} 4. Nc3
{[%clk 1:30:55]} Be7 {[%clk 1:32:12]} 5. e3 {[%clk 1:29:09]} O-O {[%clk 1:29:33]}
6. Bd3 {[%clk 1:28:08]} b6 {[%clk 1:25:59]} 7. O-O {[%clk 1:26:20]} c5
{[%clk 1:25:46]} 8. cxd5 {[%clk 1:23:51]} exd5 {[%clk 1:25:32]} 9. Ne5
{[%clk 1:22:36]} a6 {[%clk 1:18:23]} 10. b3 {[%clk 1:21:06]} Qc7 {[%clk 1:15:55]}
11. Bb2 {[%clk 1:20:47]} Nc6 {[%clk 1:16:00]} 12. Nxc6 {[%clk 1:14:15]} Qxc6
{[%clk 1:16:26]} 13. Rc1 {[%clk 1:14:31]} Bb7 {[%clk 1:04:17]} 14. Qf3
{[%clk 1:09:23]} Ne4 {[%clk 0:54:36]} 15. Na4 {[%clk 1:06:09]} Qh6
{[%clk 0:43:44]} 16. Rc2 {[%clk 1:01:01]} Bd6 {[%clk 0:37:21]} 17. h3
{[%clk 0:57:54]} Ng5 {[%clk 0:36:51]} 18. Qg4 {[%clk 0:49:58]} f5
{[%clk 0:27:13]} 19. Qd1 {[%clk 0:42:16]} f4 {[%clk 0:26:31]} 20. exf4
{[%clk 0:38:30]} Rxf4 {[%clk 0:26:25]} 21. Bc1 {[%clk 0:35:59]} Rh4
{[%clk 0:19:20]} 22. Bf5 {[%clk 0:30:41]} Rxd4 {[%clk 0:19:14]} 23. Qe2
{[%clk 0:29:45]} Rf8 {[%clk 0:19:09]} 24. Bxg5 {[%clk 0:28:34]} Qxg5
{[%clk 0:19:09]} 25. Qe6+ {[%clk 0:28:57]} Kh8 {[%clk 0:18:52]} 26. Qxd6
{[%clk 0:28:58]} Qxf5 {[%clk 0:19:16]} 27. Nxb6 {[%clk 0:27:49]} c4
{[%clk 0:14:15]} 28. Rxc4 {[%clk 0:17:26]} Rd2 {[%clk 0:08:26]} 29. Rc7
{[%clk 0:17:14]} Rxf2 {[%clk 0:02:58]} 30. Qxf8+ {[%clk 0:17:32]} Qxf8
{[%clk 0:03:23]} 31. Rxf2 {[%clk 0:17:57]} Qb4 {[%clk 0:03:22]} 32. Rxb7
{[%clk 0:17:52]} h5 {[%clk 0:03:31]} 33. Rb8+ {[%clk 0:17:06]} Kh7
{[%clk 0:03:59]} 34. Nd7 {[%clk 0:17:23]} Qd6 {[%clk 0:00:32]} 35. Nf8+
{[%clk 0:17:29]} Kh6 {[%clk 0:00:57]} 36. Re8 {[%clk 0:17:44]} Qc5
{[%clk 0:00:48]} 37. h4 {[%clk 0:16:39]} g5 {[%clk 0:00:45]} 38. hxg5+
{[%clk 0:16:29]} Kxg5 {[%clk 0:01:05]} 39. Ne6+ 1-0

[Event "WCO 2016"]
[Site "?"]
[Date "2016.09.13"]
[Round "11"]
[Board "25"]
[WhiteID "3902463"]
[White "Gascon Del Nogal Jose Rafael"]
[BlackID "2500914"]
[Black "Baburin Alexander"]
[Result "1-0"]
[BlackElo "2487"]
[WhiteElo "2436"]
[LiveChessVersion "1.4.8"]

1. e4 {[%clk 1:30:55]} Nf6 {[%clk 1:30:55]} 2. e5 {[%clk 1:31:20]} Nd5
{[%clk 1:31:21]} 3. d4 {[%clk 1:31:47]} d6 {[%clk 1:31:46]} 4. Nf3
{[%clk 1:32:13]} c6 {[%clk 1:31:19]} 5. Be2 {[%clk 1:32:22]} Bg4 {[%clk 1:26:27]}
6. O-O {[%clk 1:28:51]} Bxf3 {[%clk 1:25:53]} 7. Bxf3 {[%clk 1:29:14]} dxe5
{[%clk 1:26:19]} 8. dxe5 {[%clk 1:29:36]} e6 {[%clk 1:26:44]} 9. Qe2
{[%clk 1:28:00]} Nd7 {[%clk 1:25:06]} 10. b3 {[%clk 1:22:19]} Qc7
{[%clk 1:18:21]} 11. c4 {[%clk 1:21:03]} Ne7 {[%clk 1:17:45]} 12. Bb2
{[%clk 1:21:29]} Ng6 {[%clk 1:17:15]} 13. Be4 {[%clk 1:20:35]} Ndxe5
{[%clk 1:06:45]} 14. g3 {[%clk 1:04:31]} O-O-O {[%clk 1:01:14]} 15. Nc3
{[%clk 0:59:37]} Bc5 {[%clk 0:48:58]} 16. Bg2 {[%clk 0:54:20]} Nd3
{[%clk 0:29:30]} 17. Ne4 {[%clk 0:54:13]} Nxb2 {[%clk 0:29:02]} 18. Nxc5
{[%clk 0:53:24]} Qe5 {[%clk 0:29:08]} 19. Ne4 {[%clk 0:42:36]} f5
{[%clk 0:25:59]} 20. f4 {[%clk 0:36:31]} Qd4+ {[%clk 0:24:54]} 21. Nf2
{[%clk 0:36:56]} e5 {[%clk 0:25:15]} 22. Rab1 {[%clk 0:33:26]} Nd3
{[%clk 0:23:11]} 23. Rbd1 {[%clk 0:33:10]} e4 {[%clk 0:20:23]} 24. Bh3
{[%clk 0:33:32]} Qd7 {[%clk 0:05:20]} 25. Nxe4 {[%clk 0:28:00]} Rhe8
{[%clk 0:05:44]} 26. Qh5 {[%clk 0:27:46]} Ngxf4 {[%clk 0:03:58]} 27. gxf4
{[%clk 0:25:04]} g6 {[%clk 0:04:04]} 28. Qf3 {[%clk 0:24:26]} Rxe4
{[%clk 0:02:36]} 29. Qxe4 {[%clk 0:24:52]} fxe4 {[%clk 0:03:02]} 30. Bxd7+
{[%clk 0:25:19]} Rxd7 {[%clk 0:03:26]} 31. Rd2 {[%clk 0:24:52]} a5
{[%clk 0:02:45]} 32. Re2 {[%clk 0:25:05]} Nc5 {[%clk 0:02:56]} 33. f5
{[%clk 0:24:06]} Kc7 {[%clk 0:02:27]} 34. fxg6 {[%clk 0:20:32]} hxg6
{[%clk 0:02:53]} 35. Rf6 {[%clk 0:20:49]} a4 {[%clk 0:01:55]} 36. bxa4
{[%clk 0:14:35]} Rd1+ {[%clk 0:00:52]} 37. Kg2 {[%clk 0:14:49]} Rd6
{[%clk 0:01:21]} 38. Rxd6 {[%clk 0:13:43]} Kxd6 {[%clk 0:01:49]} 39. a5
{[%clk 0:13:41]} Ke5 {[%clk 0:01:16]} 40. Rb2 {[%clk 0:43:49]} Kd4
{[%clk 0:31:37]} 41. Rxb7 {[%clk 0:43:58]} 1-0

[Event "WCO 2016"]
[Site "?"]
[Date "2016.09.13"]
[Round "11"]
[Board "26"]
[WhiteID "628859"]
[White "Jessel Stephen"]
[BlackID "4401859"]
[Black "Palencia Morales Wilson Guillermo"]
[Result "0-1"]
[BlackElo "2378"]
[WhiteElo "2367"]
[LiveChessVersion "1.4.8"]

1. Nf3 {[%clk 1:30:55]} f5 {[%clk 1:30:06]} 2. g3 {[%clk 1:31:05]} Nf6
{[%clk 1:30:30]} 3. Bg2 {[%clk 1:31:26]} g6 {[%clk 1:30:54]} 4. O-O
{[%clk 1:31:41]} Bg7 {[%clk 1:31:22]} 5. d4 {[%clk 1:31:28]} O-O {[%clk 1:31:39]}
6. b4 {[%clk 1:31:09]} d5 {[%clk 1:31:57]} 7. c3 {[%clk 1:13:41]} Nbd7
{[%clk 1:31:44]} 8. Qb3 {[%clk 1:10:25]} e6 {[%clk 1:29:56]} 9. a4
{[%clk 1:07:35]} Re8 {[%clk 1:26:52]} 10. Nbd2 {[%clk 1:00:58]} e5
{[%clk 1:21:57]} 11. dxe5 {[%clk 0:56:31]} Nxe5 {[%clk 1:22:15]} 12. Nxe5
{[%clk 0:41:21]} Rxe5 {[%clk 1:21:57]} 13. e3 {[%clk 0:41:49]} Re8
{[%clk 1:21:07]} 14. Bb2 {[%clk 0:37:46]} Be6 {[%clk 1:20:31]} 15. Rad1
{[%clk 0:24:39]} Qe7 {[%clk 1:19:58]} 16. Qc2 {[%clk 0:13:33]} c6
{[%clk 1:16:45]} 17. Rfe1 {[%clk 0:05:55]} Rad8 {[%clk 1:09:07]} 18. Bf1
{[%clk 0:05:32]} h5 {[%clk 1:05:34]} 19. Rb1 {[%clk 0:04:03]} h4 {[%clk 1:03:21]}
20. c4 {[%clk 0:03:32]} hxg3 {[%clk 1:03:14]} 21. hxg3 {[%clk 0:03:26]} Ne4
{[%clk 1:02:57]} 22. Nxe4 {[%clk 0:02:34]} fxe4 {[%clk 1:02:26]} 23. cxd5
{[%clk 0:02:25]} cxd5 {[%clk 1:02:01]} 24. Qc5 {[%clk 0:01:16]} Bxb2
{[%clk 0:40:45]} 25. Qxe7 {[%clk 0:00:34]} Rxe7 {[%clk 0:41:02]} 26. Rxb2
{[%clk 0:01:03]} Rc7 {[%clk 0:41:07]} 27. Rd1 {[%clk 0:00:37]} Rdc8
{[%clk 0:41:07]} 28. Bg2 {[%clk 0:00:35]} Bg4 {[%clk 0:33:47]} 29. Rf1
{[%clk 0:00:36]} Rf8 {[%clk 0:30:53]} 30. Rd2 {[%clk 0:00:45]} Rf5
{[%clk 0:29:36]} 31. a5 {[%clk 0:00:36]} Kf7 {[%clk 0:25:07]} 32. Rb1
{[%clk 0:00:33]} Ke6 {[%clk 0:24:08]} 33. b5 {[%clk 0:00:41]} b6 {[%clk 0:23:44]}
34. axb6 {[%clk 0:00:40]} axb6 {[%clk 0:24:09]} 35. Ra2 {[%clk 0:00:40]} Rh5
{[%clk 0:22:22]} 36. Ra6 {[%clk 0:00:34]} Bf3 {[%clk 0:20:39]} 37. Rxb6+
{[%clk 0:00:32]} Ke5 {[%clk 0:21:02]} 38. g4 {[%clk 0:00:32]} Rh4
{[%clk 0:21:26]} 39. Rxg6 {[%clk 0:00:32]} Rch7 {[%clk 0:20:40]} 40. Rg5+
{[%clk 0:30:32]} Kd6 {[%clk 0:47:13]} 41. Rh5 {[%clk 0:25:46]} R7xh5
{[%clk 0:46:51]} 42. Bxf3 {[%clk 0:24:55]} Rh8 {[%clk 0:44:58]} 43. Bd1
{[%clk 0:24:25]} R4h7 {[%clk 0:40:11]} 44. Kg2 {[%clk 0:17:29]} Ra8
{[%clk 0:37:39]} 45. Rb2 {[%clk 0:09:14]} Ra1 {[%clk 0:37:01]} 46. Rd2
{[%clk 0:09:26]} Rb7 {[%clk 0:31:45]} 47. Be2 {[%clk 0:05:38]} Ke5
{[%clk 0:31:41]} 48. Rb2 {[%clk 0:03:13]} Rc1 {[%clk 0:29:58]} 49. Bf1
{[%clk 0:01:54]} Kd6 {[%clk 0:26:53]} 50. Be2 {[%clk 0:01:53]} Kc5
{[%clk 0:26:34]} 51. Ra2 {[%clk 0:01:36]} Rc7 {[%clk 0:24:45]} 52. Bf1
{[%clk 0:01:03]} Kd6 {[%clk 0:24:39]} 53. Rb2 {[%clk 0:00:37]} R1c2
{[%clk 0:24:39]} 54. Rxc2 {[%clk 0:00:38]} Rxc2 {[%clk 0:25:05]} 55. Kg3
{[%clk 0:00:48]} Rc1 {[%clk 0:25:02]} 56. Kg2 {[%clk 0:00:49]} Ke5
{[%clk 0:25:22]} 57. Be2 {[%clk 0:00:39]} Rc3 {[%clk 0:24:50]} 58. Kf1
{[%clk 0:00:38]} Rb3 {[%clk 0:24:33]} 59. Ke1 {[%clk 0:00:38]} Rb1+
{[%clk 0:24:13]} 60. Kd2 {[%clk 0:01:06]} Rb2+ {[%clk 0:24:36]} 61. Ke1
{[%clk 0:01:10]} Kf6 {[%clk 0:24:38]} 62. Kf1 {[%clk 0:00:43]} Kg5
{[%clk 0:24:16]} 63. Ke1 {[%clk 0:00:45]} Kh4 {[%clk 0:23:16]} 64. f4
{[%clk 0:00:32]} exf3 {[%clk 0:22:28]} 65. Bxf3 {[%clk 0:00:58]} Rxb5
{[%clk 0:22:50]} 66. Kf2 {[%clk 0:01:08]} Kg5 {[%clk 0:22:20]} 67. Kg3
{[%clk 0:00:55]} Kf6 {[%clk 0:22:00]} 68. Kf4 {[%clk 0:00:45]} Rb4+
{[%clk 0:22:22]} 69. e4 {[%clk 0:00:51]} Ke6 {[%clk 0:20:38]} 70. g5
{[%clk 0:00:50]} d4 {[%clk 0:19:57]} 71. Bg4+ {[%clk 0:00:59]} Ke7
{[%clk 0:20:26]} 72. Bf5 {[%clk 0:00:48]} Rb1 {[%clk 0:20:25]} 73. Kf3
{[%clk 0:00:38]} Re1 {[%clk 0:20:39]} 74. Kf2 {[%clk 0:00:58]} Re3
{[%clk 0:20:50]} 75. Bh7 {[%clk 0:00:43]} Ke6 {[%clk 0:20:47]} 76. Bg6
{[%clk 0:00:33]} Ke7 {[%clk 0:19:11]} 77. Bh7 {[%clk 0:00:40]} Kf7
{[%clk 0:19:09]} 78. Bf5 {[%clk 0:00:32]} Kg7 {[%clk 0:19:24]} 79. g6
{[%clk 0:00:31]} Kf6 {[%clk 0:19:20]} 80. Kg2 {[%clk 0:00:35]} d3
{[%clk 0:17:57]} 81. e5+ {[%clk 0:00:33]} Kg7 {[%clk 0:18:21]} 82. Kf2
{[%clk 0:00:33]} d2 {[%clk 0:18:21]} 83. Kxe3 {[%clk 0:00:32]} d1=Q
{[%clk 0:18:43]} 84. Kf4 {[%clk 0:00:33]} Qd4+ {[%clk 0:18:02]} 85. Be4
{[%clk 0:00:44]} Kh6 {[%clk 0:17:43]} 86. Kf5 {[%clk 0:00:54]} Qb4
{[%clk 0:17:05]} 87. Kf4 {[%clk 0:00:35]} Qe7 {[%clk 0:16:31]} 88. Kf5
{[%clk 0:00:43]} Kh5 {[%clk 0:16:02]} 89. Bf3+ {[%clk 0:00:42]} Kh4
{[%clk 0:16:09]} 90. Be4 {[%clk 0:00:58]} Kh5 {[%clk 0:13:21]} 91. Bf3+
{[%clk 0:00:56]} Kh6 {[%clk 0:13:49]} 92. Be4 {[%clk 0:01:03]} Qh4
{[%clk 0:13:50]} 93. Bd3 {[%clk 0:00:32]} Qh3+ {[%clk 0:13:54]} 94. Ke4
{[%clk 0:00:32]} Kxg6 {[%clk 0:14:10]} 95. Kd4+ {[%clk 0:00:35]} Kf7
{[%clk 0:14:21]} 96. Bc4+ {[%clk 0:00:31]} Ke7 {[%clk 0:14:45]} 0-1